[Event "Calvi Balagne op 07th"]
[Site "Calvi"]
[Date "2010.04.28"]
[Round "5"]
[White "Karpatchev, Aleksandr"]
[Black "Malaniuk, Vladimir P"]
[Result "0-1"]
[WhiteElo "2483"]
[BlackElo "2582"]
[PlyCount "66"]
[EventDate "2010.04.25"]
[EventType "swiss"]
[EventRounds "9"]
[EventCountry "FRA"]
[SourceTitle "CBM 136 Extra"]
[Source "ChessBase"]
[SourceDate "2010.07.02"]
[SourceVersion "2"]
[SourceVersionDate "2010.07.15"]
[SourceQuality "1"]

1. e4 e5 2. Nf3 Nc6 3. c3 d5 4. Qa4 Bd7 5. exd5 Nd4 6. Qd1 Nxf3+ 7. Qxf3 Nf6 8.
Bc4 e4 9. Qe2 Bd6 10. d4 h6 11. h3 O-O 12. Be3 Qe8 13. Nd2 b5 14. Bb3 Qc8 15.
O-O Qb7 16. Rfe1 Rae8 17. c4 bxc4 18. Nxc4 Nxd5 19. Nxd6 cxd6 20. Bd2 Kh7 21.
Rac1 Bb5 22. Bc4 Bxc4 23. Qxc4 f5 24. b3 Qf7 25. Qc2 Re7 26. Re2 Rfe8 27. Rce1
Rc7 28. Qb1 Qf6 29. Qb2 Rec8 30. Rc1 Rxc1+ 31. Bxc1 Nb4 32. Bd2 Rc2 33. Qb1
Rxa2 0-1

[Event "LTU-ch"]
[Site "Nemencine"]
[Date "2010.04.26"]
[Round "2"]
[White "Zemlickas, Arunas"]
[Black "Ralys, Vincas"]
[Result "1-0"]
[WhiteElo "1932"]
[BlackElo "1914"]
[PlyCount "46"]
[EventDate "2010.04.25"]
[EventType "swiss"]
[EventRounds "9"]
[EventCountry "LTU"]
[SourceTitle "CBM 136 Extra"]
[Source "ChessBase"]
[SourceDate "2010.07.02"]
[SourceVersion "2"]
[SourceVersionDate "2010.07.15"]
[SourceQuality "1"]

1. e4 e5 2. Nf3 Nc6 3. c3 d6 4. d4 exd4 5. cxd4 Bg4 6. Be2 Nf6 7. Nc3 d5 8. e5
Ne4 9. Be3 Bb4 10. Qc2 O-O 11. a3 Bxc3+ 12. bxc3 f6 13. Bd3 fxe5 14. Nxe5 Nxe5
15. dxe5 Bd7 16. Bxe4 dxe4 17. Qxe4 Bc6 18. Qg4 Qd3 19. Bd4 h5 20. Qe2 Qxe2+
21. Kxe2 Bxg2 22. Rhg1 Rae8 23. Rxg2 c5 1-0

[Event "Angers op 5th"]
[Site "Angers"]
[Date "2010.04.24"]
[Round "3"]
[White "Legendre, Aurelien"]
[Black "Caillot, Arnaud"]
[Result "0-1"]
[WhiteElo "1180"]
[BlackElo "1717"]
[PlyCount "50"]
[EventDate "2010.04.23"]
[EventType "swiss"]
[EventRounds "6"]
[EventCountry "FRA"]
[SourceTitle "EXT 2011"]
[Source "ChessBase"]
[SourceDate "2010.11.26"]
[SourceVersion "1"]
[SourceVersionDate "2010.11.26"]
[SourceQuality "1"]

1. e4 e5 2. Nf3 Nc6 3. c3 Nf6 4. d3 d5 5. exd5 Nxd5 6. Be2 Be7 7. O-O O-O 8.
Nbd2 Bg4 9. Nxe5 Nxe5 10. Bxg4 Nxd3 11. Qf3 Nf6 12. Rd1 Ne5 13. Qxb7 Nexg4 14.
b4 c5 15. Bb2 Qd7 16. Qf3 cxb4 17. Ne4 Qc7 18. Nxf6+ Nxf6 19. cxb4 Rad8 20.
Rac1 Rxd1+ 21. Qxd1 Rd8 22. Qe1 Qd6 23. a3 Ng4 24. g3 Bf6 25. Rd1 Qxd1 0-1

[Event "Angers op 5th"]
[Site "Angers"]
[Date "2010.04.24"]
[Round "3"]
[White "Hutois, Mickael"]
[Black "Mahe, Romain"]
[Result "1-0"]
[WhiteElo "2110"]
[BlackElo "1979"]
[PlyCount "85"]
[EventDate "2010.04.23"]
[EventType "swiss"]
[EventRounds "6"]
[EventCountry "FRA"]
[SourceTitle "EXT 2011"]
[Source "ChessBase"]
[SourceDate "2010.11.26"]
[SourceVersion "1"]
[SourceVersionDate "2010.11.26"]
[SourceQuality "1"]

1. e4 e5 2. Nf3 Nc6 3. c3 Nf6 4. Qa4 Bc5 5. d4 exd4 6. cxd4 Bb4+ 7. Bd2 Qe7 8.
e5 Ne4 9. Bd3 Nxd2 10. Nbxd2 Bxd2+ 11. Kxd2 Qb4+ 12. Qxb4 Nxb4 13. Be4 d5 14.
exd6 cxd6 15. a3 d5 16. Bxh7 Rxh7 17. axb4 Rh6 18. Ra5 Rb6 19. Rxd5 Rxb4 20.
Kc3 Rb6 21. Ng5 Rc6+ 22. Kd3 g6 23. Re1+ Kf8 24. Rc5 Bf5+ 25. Ne4 Rxc5 26. dxc5
b6 27. b4 bxc5 28. bxc5 a5 29. Kc3 a4 30. Nd2 Be6 31. Kb2 a3+ 32. Ka1 Rb8 33.
Rb1 Rxb1+ 34. Nxb1 a2 35. Nc3 Ke7 36. Nxa2 Kd7 37. Nb4 g5 38. Kb2 f5 39. Kc3 f4
40. Kd4 g4 41. Ke5 f3 42. gxf3 gxf3 43. Kf4 1-0

[Event "Llinars del Valles op-A 4th"]
[Site "Llinars del Valles"]
[Date "2010.04.24"]
[Round "3"]
[White "Buill Vilches, Javier"]
[Black "Ligero Martinez, Jesus"]
[Result "1-0"]
[WhiteElo "1908"]
[BlackElo "1689"]
[PlyCount "35"]
[EventDate "2010.04.10"]
[EventType "swiss"]
[EventRounds "7"]
[EventCountry "ESP"]
[SourceTitle "EXT 2012"]
[Source "ChessBase"]
[SourceDate "2011.11.24"]
[SourceVersion "1"]
[SourceVersionDate "2011.11.24"]
[SourceQuality "1"]

1. e4 e5 2. Nf3 Nc6 3. c3 d5 4. Qa4 Qd6 5. exd5 Qxd5 6. d4 Bd7 7. Bb5 a6 8. c4
Qe4+ 9. Be3 O-O-O 10. Nc3 Bb4 11. Qxb4 axb5 12. Qa3 Qg4 13. Nxb5 Bf5 14. O-O-O
Qe4 15. Qa8+ Kd7 16. dxe5+ Ke6 17. Nxc7+ Ke7 18. Qa3+ 1-0

[Event "FICS rated standard game"]
[Site "FICS freechess.org"]
[Date "2010.04.24"]
[Round "?"]
[White "Opinel"]
[Black "Kyuuketsuki"]
[Result "1/2-1/2"]
[WhiteElo "2474"]
[BlackElo "2192"]
[PlyCount "64"]
[EventDate "2010.??.??"]
[SourceTitle "OM Portal C 201906"]
[Source "Opening Master"]
[SourceDate "2019.06.27"]
[SourceVersion "1"]
[SourceVersionDate "2019.06.27"]
[SourceQuality "1"]

1. e4 e5 2. Nf3 Nc6 3. c3 d5 4. Qa4 Bd7 5. exd5 Nd4 6. Qd1 Nxf3+ 7. Qxf3 Nf6 8.
Bc4 c6 9. dxc6 Bxc6 10. Qg3 Qc7 11. O-O O-O-O 12. d3 Bd6 13. Be3 h5 14. Qh4 e4
15. d4 Ng4 16. g3 Be7 17. Bg5 f6 18. Bf4 Qb6 19. Qh3 g5 20. Be6+ Bd7 21. Bxd7+
Rxd7 22. Bc1 f5 23. Re1 Bd6 24. Na3 Qd8 25. Nc4 Bb8 26. Qg2 h4 27. h3 hxg3 28.
fxg3 Qc7 29. hxg4 Qxc4 30. gxf5 Rdh7 31. Qxe4 Rh1+ 32. Kf2 Bxg3+ 1/2-1/2

[Event "BI-2010-P-00012"]
[Site "Lechenicher SchachServer"]
[Date "2010.04.19"]
[Round "?"]
[White "Lonyuk, Bohdan"]
[Black "Hargreaves, John Richard"]
[Result "0-1"]
[WhiteElo "1023"]
[BlackElo "1451"]
[PlyCount "32"]
[EventDate "2010.04.22"]

1. e4 e5 2. Nf3 Nc6 3. c3 Nf6 4. d3 g6 5. Be2 d5 6. Bg5 dxe4 7. Bxf6 Qxf6 8.
dxe4 Bh6 9. O-O Bd7 10. Re1 O-O-O 11. Qc2 Be6 12. Nbd2 g5 13. Nc4 Bxc4 14. Bxc4
g4 15. Nd2 Rxd2 16. Qa4 Qxf2+ 0-1

[Event "BI-2010-P-00012"]
[Site "Lechenicher SchachServer"]
[Date "2010.04.19"]
[Round "?"]
[White "Lonyuk, Bohdan"]
[Black "Perez, Giorgio"]
[Result "0-1"]
[WhiteElo "1023"]
[BlackElo "1882"]
[PlyCount "70"]
[EventDate "2010.04.22"]

1. e4 e5 2. Nf3 Nc6 3. c3 Nf6 4. d3 d5 5. Qc2 Be7 6. Be2 O-O 7. b4 a6 8. O-O d4
9. a3 Bg4 10. Nbd2 dxc3 11. Qxc3 Nd4 12. Bd1 c5 13. bxc5 Rc8 14. Qb2 Qc7 15. h3
Bxf3 16. Nxf3 Bxc5 17. Be3 Nxf3+ 18. Bxf3 Bxe3 19. fxe3 Qc3 20. Qxc3 Rxc3 21.
a4 Rxd3 22. Rfe1 Rb8 23. Kf1 h5 24. Ke2 Rbd8 25. Rab1 R8d7 26. g4 Rd2+ 27. Kf1
hxg4 28. hxg4 Ra2 29. Rb4 g5 30. Bd1 Rdd2 31. Be2 Kg7 32. Rxb7 Nxe4 33. Re7
Ng3+ 34. Kf2 Nxe2 35. Rxe5 Nd4+ 0-1

[Event "Kimry op 51st"]
[Site "Kimry"]
[Date "2010.04.18"]
[Round "4"]
[White "Kuryshkin, Anatoliy"]
[Black "Markov, Mikhail2"]
[Result "1-0"]
[WhiteElo "1979"]
[BlackElo "1853"]
[PlyCount "63"]
[EventDate "2010.04.17"]
[EventType "swiss"]
[EventRounds "8"]
[EventCountry "RUS"]
[SourceTitle "CBM 136 Extra"]
[Source "ChessBase"]
[SourceDate "2010.07.02"]
[SourceVersion "2"]
[SourceVersionDate "2010.07.15"]
[SourceQuality "1"]

1. e4 e5 2. Nf3 Nc6 3. c3 Nf6 4. d4 exd4 5. e5 Ng4 6. cxd4 Bb4+ 7. Nc3 b6 8.
Bc4 d6 9. Bb5 Bd7 10. Qa4 Bxc3+ 11. bxc3 Nb8 12. h3 Nh6 13. exd6 cxd6 14. O-O
O-O 15. Bxd7 Qxd7 16. Qxd7 Nxd7 17. Ba3 Rfc8 18. Rac1 d5 19. Rfe1 Nf6 20. Re5
Ne4 21. Bb2 Nf6 22. g4 Nhxg4 23. hxg4 Nxg4 24. Rxd5 Rc7 25. Rg5 Nf6 26. Re1
Rac8 27. Nh4 h6 28. Rge5 g6 29. Ng2 Kg7 30. Nf4 Rd7 31. Re7 Rdc7 32. Ne6+ 1-0

[Event "Niedersachsen-ch Seniors"]
[Site "Cadenberge"]
[Date "2010.04.16"]
[Round "4"]
[White "Fischer, Manfred3"]
[Black "Rickers, Gerd"]
[Result "1/2-1/2"]
[WhiteElo "1683"]
[BlackElo "1896"]
[PlyCount "65"]
[EventDate "2010.04.13"]
[EventType "swiss"]
[EventRounds "9"]
[EventCountry "GER"]
[SourceTitle "OM OTB B 201907"]
[Source "Opening Master"]
[SourceDate "2019.07.06"]
[SourceVersion "2"]
[SourceVersionDate "2019.07.06"]
[SourceQuality "1"]
[WhiteTeam "Verden SV"]
[BlackTeam "Fehn SK"]

1. e4 e5 2. Nf3 Nc6 3. c3 d6 4. d4 Be7 5. d5 Nb8 6. Bd3 Nf6 7. O-O O-O 8. c4
Na6 9. Nc3 h6 10. a3 Nc5 11. Bc2 a5 12. Rb1 Bg4 13. b4 axb4 14. axb4 Ncd7 15.
h3 Bh5 16. g4 Bg6 17. Ne1 Nh7 18. Ng2 Bg5 19. Ne2 Bxc1 20. Qxc1 Qg5 21. f3 Qxc1
22. Rfxc1 Ng5 23. Nh4 Nxh3+ 24. Kg2 Nf4+ 25. Nxf4 exf4 26. Ra1 Bh7 27. Kf2 g5
28. Ng2 b6 29. Ne1 Ne5 30. Bd3 Bg6 31. Be2 h5 32. gxh5 Bxh5 33. Nc2 1/2-1/2

[Event "FRA-ch U14 Girls"]
[Site "Troyes"]
[Date "2010.04.15"]
[Round "6"]
[White "Rigolot, Lucie"]
[Black "Sourice, Nolwenn"]
[Result "1-0"]
[WhiteElo "1900"]
[BlackElo "1540"]
[PlyCount "81"]
[EventDate "2010.04.11"]
[EventType "swiss"]
[EventRounds "9"]
[EventCountry "FRA"]
[SourceTitle "EXT 2012"]
[Source "ChessBase"]
[SourceDate "2011.11.24"]
[SourceVersion "1"]
[SourceVersionDate "2011.11.24"]
[SourceQuality "1"]

1. e4 e5 2. Nf3 Nc6 3. c3 Nf6 4. d4 exd4 5. e5 Nd5 6. cxd4 d6 7. Bb5 Be7 8. O-O
O-O 9. h3 Be6 10. Nc3 Rb8 11. Ne4 h6 12. Ng3 a6 13. Ba4 Qd7 14. a3 Rbd8 15. Bc2
f5 16. exf6 Nxf6 17. Nh4 d5 18. Ng6 Rf7 19. Qd3 Bd6 20. Re1 Re8 21. Ne5 Bxe5
22. dxe5 Ne4 23. Nxe4 dxe4 24. Qg3 Qd4 25. Rxe4 Qd5 26. Re1 Bd7 27. Bb3 Qa5 28.
Bxf7+ Kxf7 29. f4 Nd4 30. b4 Qb5 31. Qf2 Qd5 32. Rd1 Qc6 33. Qxd4 Be6 34. Bb2
Re7 35. Rac1 Qd7 36. Qxd7 Bxd7 37. Rxc7 Ke8 38. Rxb7 Bc6 39. Rb6 Bb5 40. e6 Bc6
41. Rb8# 1-0

[Event "FRA-ch U18"]
[Site "Troyes"]
[Date "2010.04.15"]
[Round "6"]
[White "Hutois, Mickael"]
[Black "Le Goff, Ronan"]
[Result "1-0"]
[WhiteElo "2110"]
[BlackElo "1962"]
[PlyCount "91"]
[EventDate "2010.04.11"]
[EventType "swiss"]
[EventRounds "9"]
[EventCountry "FRA"]
[SourceTitle "EXT 2012"]
[Source "ChessBase"]
[SourceDate "2011.11.24"]
[SourceVersion "1"]
[SourceVersionDate "2011.11.24"]
[SourceQuality "1"]

1. e4 e5 2. Nf3 Nc6 3. c3 Nf6 4. Qa4 Be7 5. Bb5 O-O 6. O-O Re8 7. Re1 Bf8 8.
Qc2 a6 9. Bc4 Na5 10. Bf1 d5 11. d3 h6 12. Nbd2 Nc6 13. b3 b5 14. a3 Bb7 15.
Bb2 Bd6 16. c4 d4 17. b4 Qd7 18. Be2 Bf8 19. Nf1 g6 20. Ng3 Bg7 21. Nd2 Qd8 22.
Nb3 Nd7 23. Rac1 h5 24. cxb5 axb5 25. Nc5 Nxc5 26. Qxc5 Re6 27. Qxb5 Qc8 28.
Qc4 Bh6 29. Rc2 Re7 30. Qb3 Nd8 31. Bc1 Bf4 32. Bf3 Ne6 33. Ne2 Qe8 34. b5 c6
35. Bxf4 exf4 36. a4 Rb8 37. b6 c5 38. a5 Kg7 39. g3 Ng5 40. Bh1 f3 41. Nf4 f5
42. Rxc5 Kh6 43. h4 Nxe4 44. dxe4 Rxe4 45. Rxe4 fxe4 46. Rg5 1-0

[Event "Niedersachsen-ch Seniors"]
[Site "Cadenberge"]
[Date "2010.04.14"]
[Round "2"]
[White "Hoose, Hannelore"]
[Black "Krawinkel, Hans Werner"]
[Result "1/2-1/2"]
[WhiteElo "1499"]
[BlackElo "1634"]
[PlyCount "86"]
[EventDate "2010.04.13"]
[EventType "swiss"]
[EventRounds "9"]
[EventCountry "GER"]
[SourceTitle "OM OTB B 201907"]
[Source "Opening Master"]
[SourceDate "2019.07.06"]
[SourceVersion "2"]
[SourceVersionDate "2019.07.06"]
[SourceQuality "1"]
[WhiteTeam "Vahr SC"]
[BlackTeam "Buxtehude SF"]

1. e4 e5 2. Nf3 Nc6 3. c3 Nf6 4. d3 Be7 5. Nbd2 d6 6. Be2 O-O 7. Nc4 a6 8. O-O
b5 9. Ne3 g6 10. h3 Bb7 11. Nh2 d5 12. exd5 Nxd5 13. Nxd5 Qxd5 14. Qb3 Nd8 15.
Qxd5 Bxd5 16. Ng4 f6 17. Ne3 Be6 18. b3 c5 19. Bf3 Rc8 20. c4 Nf7 21. Nd5 Bd8
22. Be3 Rc7 23. cxb5 axb5 24. Rfc1 Bxd5 25. Bxd5 Be7 26. Rc2 Rd8 27. Bxf7+ Kxf7
28. Rac1 Rxd3 29. Bxc5 Bxc5 30. Rxc5 Rxc5 31. Rxc5 Rd1+ 32. Kh2 Rd2 33. f3 b4
34. Rc4 Rd4 35. Rc2 g5 36. Kg3 h5 37. Kf2 Ke6 38. Ke3 f5 39. Rc6+ Kd5 40. Rc8
f4+ 41. Ke2 Ke6 42. Re8+ Kf6 43. Rf8+ Ke6 1/2-1/2

[Event "FRA-ch U14 Girls"]
[Site "Troyes"]
[Date "2010.04.13"]
[Round "4"]
[White "Rigolot, Lucie"]
[Black "Thomas, Anysia"]
[Result "1-0"]
[WhiteElo "1900"]
[BlackElo "1530"]
[PlyCount "111"]
[EventDate "2010.04.11"]
[EventType "swiss"]
[EventRounds "9"]
[EventCountry "FRA"]
[SourceTitle "EXT 2012"]
[Source "ChessBase"]
[SourceDate "2011.11.24"]
[SourceVersion "1"]
[SourceVersionDate "2011.11.24"]
[SourceQuality "1"]

1. e4 e5 2. Nf3 Nc6 3. c3 Nf6 4. d4 d6 5. Bb5 Bd7 6. Qc2 Be7 7. Nbd2 Nb8 8. Bc4
Nc6 9. Qb3 O-O 10. O-O Na5 11. Qc2 Nxc4 12. Nxc4 Bb5 13. b3 Re8 14. Re1 exd4
15. cxd4 Rc8 16. a4 Bxc4 17. bxc4 c6 18. e5 Nd7 19. Bf4 d5 20. Rab1 b6 21. Qb3
Nf8 22. cxd5 Qxd5 23. Qe3 Ne6 24. Bg3 h6 25. Red1 Bg5 26. Nxg5 Nxg5 27. f4 Qe4
28. Qf2 Ne6 29. f5 Nf8 30. Re1 Qd3 31. Qf4 Kh7 32. Bf2 Nd7 33. e6 fxe6 34. fxe6
Nf6 35. Rbd1 Nd5 36. Qxh6+ gxh6 37. Rxd3 Nf4 38. Rde3 Rcd8 39. Re4 Nd3 40. R1e3
Nb4 41. Rf3 Rc8 42. Rf7+ Kh8 43. Rxa7 Nd3 44. Be3 h5 45. Rb7 Rb8 46. Rf7 b5 47.
axb5 Rxb5 48. h3 Rb1+ 49. Kh2 Rb5 50. Bh6 Rbb8 51. e7 Nb4 52. Bf4 Ra8 53. Be5+
Kg8 54. Rg7+ Kh8 55. Rh4 Rg8 56. Rxh5# 1-0

[Event "FRA-ch U18"]
[Site "Troyes"]
[Date "2010.04.13"]
[Round "4"]
[White "Grandadam, Nicolas"]
[Black "Le Goff, Ronan"]
[Result "1-0"]
[WhiteElo "2232"]
[BlackElo "1962"]
[PlyCount "61"]
[EventDate "2010.04.11"]
[EventType "swiss"]
[EventRounds "9"]
[EventCountry "FRA"]
[SourceTitle "EXT 2012"]
[Source "ChessBase"]
[SourceDate "2011.11.24"]
[SourceVersion "1"]
[SourceVersionDate "2011.11.24"]
[SourceQuality "1"]

1. e4 e5 2. Nf3 Nc6 3. c3 Nf6 4. d4 exd4 5. e5 Nd5 6. cxd4 Bb4+ 7. Bd2 Bxd2+ 8.
Nbxd2 d6 9. Bb5 O-O 10. O-O Bf5 11. Bxc6 bxc6 12. Qa4 Bd7 13. Qa3 Qb8 14. Nc4
Bg4 15. h3 Bxf3 16. Qxf3 Nb4 17. a3 Nc2 18. Rad1 c5 19. dxc5 dxe5 20. Qd3 Nd4
21. Nxe5 Ne6 22. b4 Qb7 23. c6 Qb6 24. Qc4 a6 25. Nd7 Qb5 26. Qxb5 axb5 27.
Nxf8 Kxf8 28. Rd5 Rxa3 29. Rxb5 Rc3 30. Rb8+ Ke7 31. b5 1-0

[Event "Leverkusen-ch op"]
[Site "Leverkusen"]
[Date "2010.04.12"]
[Round "6"]
[White "Van Kempen, Susanne"]
[Black "Granz, Thomas"]
[Result "0-1"]
[WhiteElo "1564"]
[BlackElo "1735"]
[PlyCount "40"]
[EventDate "2010.01.18"]
[EventType "swiss"]
[EventRounds "7"]
[EventCountry "GER"]
[SourceTitle "EXT 2011"]
[Source "ChessBase"]
[SourceDate "2010.11.26"]
[SourceVersion "1"]
[SourceVersionDate "2010.11.26"]
[SourceQuality "1"]

1. e4 e5 2. Nf3 Nc6 3. c3 Nf6 4. d4 exd4 5. e5 Qe7 6. cxd4 d6 7. Bb5 Bd7 8. O-O
dxe5 9. Bxc6 Bxc6 10. Nxe5 Qd6 11. Re1 O-O-O 12. Nxf7 Qd5 13. Qf3 Qxf7 14. Qf5+
Kb8 15. Be3 Bd6 16. Nc3 Rhf8 17. Qa5 b6 18. Qa6 Qh5 19. h3 Qg6 20. g3 Bxg3 0-1

[Event "FRA-ch U12 Girls"]
[Site "Troyes"]
[Date "2010.04.12"]
[Round "2"]
[White "Afraoui, Anaelle"]
[Black "Baldi, Valentine"]
[Result "0-1"]
[WhiteElo "1440"]
[BlackElo "1635"]
[PlyCount "86"]
[EventDate "2010.04.11"]
[EventType "swiss"]
[EventRounds "9"]
[EventCountry "FRA"]
[SourceTitle "EXT 2012"]
[Source "ChessBase"]
[SourceDate "2011.11.24"]
[SourceVersion "1"]
[SourceVersionDate "2011.11.24"]
[SourceQuality "1"]

1. e4 e5 2. Nf3 Nc6 3. c3 Nf6 4. d4 exd4 5. e5 Ng4 6. cxd4 g6 7. a3 Bg7 8. Bd3
O-O 9. O-O d6 10. h3 Nh6 11. Bg5 Qd7 12. Nh2 dxe5 13. dxe5 Nxe5 14. Bc2 Qxd1
15. Rxd1 f6 16. Bxh6 Bxh6 17. Nd2 Be6 18. Bb3 Bxb3 19. Nxb3 Rad8 20. Nd4 Rfe8
21. Nhf3 Nxf3+ 22. Nxf3 c5 23. Rxd8 Rxd8 24. Re1 Kf7 25. Kh2 b5 26. Kg3 a5 27.
Rb1 c4 28. b4 a4 29. Ng1 Rd3+ 30. f3 Rxa3 31. Ne2 Rb3 32. Rd1 Ke7 33. Rd5 Rxb4
34. Nd4 c3 35. Rc5 Rxd4 36. Rxc3 b4 37. Rc7+ Rd7 38. Rc4 Bd2 39. Rc2 b3 40. Rb2
Bc3 41. Rb1 b2 42. Kf2 a3 43. Ke2 a2 0-1

[Event "FRA-ch U14 Girls"]
[Site "Troyes"]
[Date "2010.04.12"]
[Round "2"]
[White "Rigolot, Lucie"]
[Black "Vignette, Jeanne"]
[Result "0-1"]
[WhiteElo "1900"]
[BlackElo "1568"]
[PlyCount "124"]
[EventDate "2010.04.11"]
[EventType "swiss"]
[EventRounds "9"]
[EventCountry "FRA"]
[SourceTitle "EXT 2012"]
[Source "ChessBase"]
[SourceDate "2011.11.24"]
[SourceVersion "1"]
[SourceVersionDate "2011.11.24"]
[SourceQuality "1"]

1. e4 e5 2. Nf3 Nc6 3. c3 d5 4. Qa4 Qd6 5. Bb5 Bd7 6. O-O Be7 7. Na3 Nf6 8.
exd5 Qxd5 9. Qc2 e4 10. Bc4 Qh5 11. Nd4 Bd6 12. g3 Nxd4 13. cxd4 Bh3 14. Re1
Qf3 15. Bf1 Bxf1 16. Rxf1 O-O 17. Nc4 Rac8 18. b3 h5 19. Qc3 Qg4 20. Ne3 Qh3
21. Bb2 h4 22. Rae1 c6 23. Re2 Nd5 24. Nxd5 cxd5 25. Qe3 hxg3 26. fxg3 Rc2 27.
d3 Rxe2 28. Qxe2 f5 29. dxe4 fxe4 30. Rxf8+ Kxf8 31. Qf2+ Ke7 32. Bc1 Qg4 33.
Kg2 Ke6 34. h3 Qf5 35. Qe3 Kf7 36. g4 Qg6 37. Qe2 Qf6 38. Qe3 a6 39. a4 b5 40.
axb5 axb5 41. Bd2 Ke6 42. Bc1 g6 43. g5 Qf7 44. h4 Qf5 45. Qh3 Qxh3+ 46. Kxh3
Kf5 47. Kg2 Kg4 48. h5 Kxh5 49. Kf2 Kg4 50. Ke2 Bf4 51. Ba3 Bxg5 52. Bd6 Bf6
53. Ke3 Bg5+ 54. Ke2 Bf4 55. Bb4 g5 56. Be1 Kh3 57. Bf2 g4 58. b4 g3 59. Bg1
Kg2 60. Be3 Bxe3 61. Kxe3 Kf1 62. Kf4 g2 0-1

[Event "Berlin qualification op"]
[Site "Berlin"]
[Date "2010.04.10"]
[Round "8"]
[White "Vidic, Dobrivoje"]
[Black "Schmidt, Juergen"]
[Result "0-1"]
[WhiteElo "1833"]
[BlackElo "2012"]
[PlyCount "50"]
[EventDate "2010.04.03"]
[EventType "swiss"]
[EventRounds "9"]
[EventCountry "GER"]
[SourceTitle "EXT 2012"]
[Source "ChessBase"]
[SourceDate "2011.11.24"]
[SourceVersion "1"]
[SourceVersionDate "2011.11.24"]
[SourceQuality "1"]

1. e4 e5 2. Nf3 Nc6 3. c3 d5 4. exd5 Qxd5 5. d3 Bg4 6. Be2 O-O-O 7. Nbd2 f5 8.
h3 Bh5 9. c4 Qd7 10. a3 e4 11. dxe4 fxe4 12. Nxe4 Qe8 13. Qc2 Bg6 14. Bd3 Nf6
15. Nfd2 Nd4 16. Qb1 Nxe4 17. Bxe4 Bxe4 18. Nxe4 Nb3 19. f3 Nxa1 20. Qxa1 Bc5
21. Bd2 Qe7 22. Qb1 Rhe8 23. g3 Qf7 24. Qd1 Rxe4+ 25. fxe4 Qf2# 0-1

[Event "SE-2010-0-00045"]
[Site "Lechenicher SchachServer"]
[Date "2010.04.10"]
[Round "?"]
[White "Lonyuk, Bohdan"]
[Black "Cabrera, Claudio Tomas"]
[Result "1-0"]
[WhiteElo "1023"]
[BlackElo "1046"]
[PlyCount "67"]
[EventDate "2010.02.23"]

1. e4 e5 2. Nf3 Nc6 3. c3 d5 4. d3 dxe4 5. dxe4 Qxd1+ 6. Kxd1 Bg4 7. Nbd2 Bc5
8. Ke1 O-O-O 9. b4 Bd6 10. Be2 Nf6 11. b5 Na5 12. a4 Rhe8 13. Ng5 Bxe2 14. Kxe2
Rf8 15. Bb2 h6 16. Ngf3 Rfe8 17. Nh4 g6 18. f3 Nh5 19. g3 Be7 20. Ng2 Rxd2+ 21.
Kxd2 Nb3+ 22. Kc2 Nxa1+ 23. Rxa1 Rd8 24. c4 Bb4 25. Rd1 f6 26. Rxd8+ Kxd8 27.
Ne3 Bc5 28. Ng4 Bg1 29. Nxh6 Bxh2 30. g4 Ng7 31. g5 fxg5 32. Ng4 Bf4 33. Bxe5
Ke7 34. Bxg7 1-0

[Event "Unterfranken-ch M2 61th"]
[Site "Kitzingen"]
[Date "2010.04.09"]
[Round "8"]
[White "Blank, Stefan"]
[Black "Yalcin, Alparslan"]
[Result "0-1"]
[WhiteElo "1848"]
[BlackElo "1824"]
[PlyCount "54"]
[EventDate "2010.04.05"]
[EventType "swiss"]
[EventRounds "9"]
[EventCountry "GER"]
[SourceTitle "EXT 2015"]
[Source "ChessBase"]
[SourceDate "2014.11.20"]
[SourceVersion "1"]
[SourceVersionDate "2014.11.20"]
[SourceQuality "1"]

1. e4 e5 2. Nf3 Nc6 3. c3 d5 4. Bb5 dxe4 5. Nxe5 Qg5 6. d4 Qxg2 7. Rf1 Bd6 8.
Qa4 Nge7 9. Nxc6 bxc6 10. Bxc6+ Nxc6 11. Qxc6+ Ke7 12. f3 Bh3 13. Rf2 Qg1+ 14.
Ke2 exf3+ 15. Rxf3 Bg4 16. Bf4 Bxf4 17. Qe4+ Kd7 18. Qd5+ Bd6 19. Qxf7+ Kc6 20.
Qc4+ Kd7 21. Qb5+ c6 22. Qb7+ Bc7 23. Nd2 Bxf3+ 24. Nxf3 Rae8+ 25. Kd3 Qxa1 26.
Kc4 Qf1+ 27. Kb4 Rb8 0-1

[Event "JAM-ch"]
[Site "Kingston"]
[Date "2010.04.09"]
[Round "1"]
[White "Mellace, Andrew"]
[Black "Wisdom, Daren"]
[Result "1/2-1/2"]
[WhiteElo "1995"]
[BlackElo "1918"]
[PlyCount "112"]
[EventDate "2010.04.09"]
[EventType "tourn"]
[EventRounds "11"]
[EventCountry "JAM"]
[SourceTitle "EXT 2013"]
[Source "ChessBase"]
[SourceDate "2012.11.22"]
[SourceVersion "1"]
[SourceVersionDate "2012.11.22"]
[SourceQuality "1"]

1. e4 e5 2. Nf3 Nc6 3. c3 Bc5 4. d4 exd4 5. cxd4 Bb4+ 6. Nc3 d5 7. e5 Bg4 8.
Be2 Nge7 9. Bg5 O-O 10. O-O Qd7 11. a3 Ba5 12. h3 Bh5 13. b4 Bxf3 14. Bxf3 Bb6
15. Bxe7 Nxe7 16. Na4 Bxd4 17. Bg4 Qb5 18. Qxd4 Qxa4 19. Qc5 Nc6 20. Qxd5 Rad8
21. Qc5 Qb3 22. Bf3 Qe6 23. Bxc6 bxc6 24. Rac1 Rd3 25. Qxa7 Qxe5 26. Rxc6 Rfd8
27. Rxc7 Rxa3 28. Qxa3 Qxc7 29. Qb3 Qb6 30. b5 g6 31. Re1 Rd2 32. Re8+ Kg7 33.
Re3 Qd4 34. Rf3 f5 35. b6 Rb2 36. Qe6 Rxb6 37. Qe7+ Kh6 38. g4 Qf6 39. Qe3+ Kg7
40. g5 Qc6 41. Qc3+ Qxc3 42. Rxc3 Rb7 43. Kg2 Kf7 44. Rc6 Re7 45. Kg3 Kg7 46.
f3 Kf7 47. h4 Re6 48. Rc8 Re7 49. Kf4 Ke6 50. Rd8 Ra7 51. Re8+ Kf7 52. Re5 Ra4+
53. Kg3 Ra1 54. Rb5 Rh1 55. Rb7+ Kg8 56. Rc7 Kh8 1/2-1/2